It looks like you're offline.
Open Library logo
additional options menu

MARC record from Internet Archive

LEADER: 00809pam 2200229 a 4500
001 86018725
003 DLC
005 19990716000000.0
008 860711t19871985nyu j 000 1 eng
010 $a 86018725
020 $a014032254X (pbk.) :$c$4.95
040 $aDLC$cDLC$dDLC
042 $alcac
050 10 $aPZ7.H845$bNat 1987
082 00 $a[Fic]$219
100 1 $aHowker, Janni.
245 14 $aThe nature of the beast /$cJanni Howker.
260 $aNew York, N.Y., U.S.A. :$bPuffin Books,$c1987, c1985.
300 $a137 p. ;$c20 cm.
520 $aEnglish teenager Bill Coward finds himself losing control of his life when the mill where his father works is shut down and a mysterious beast begins making savage attacks on local livestock.
650 1 $aFathers and sons$xFiction.
651 1 $aEngland$xFiction.